La iniciativa de la Cuenca del Caribe: contradicciones de una confrontación
Bewaard in:
| Hoofdauteur: | |
|---|---|
| Formaat: | Texto |
| Gepubliceerd in: |
s.l.:
s.e.
|
| Tags: |
Voeg label toe
Geen labels, Wees de eerste die dit record labelt!
|
MARC
| LEADER | 00000 a a2200000 04500 | ||
|---|---|---|---|
| 001 | 24854 | ||
| 003 | |||
| 040 | |||
| 090 | |a 178700 | ||
| 100 | |a Ramírez Guier, Gonzalo | ||
| 245 | |a La iniciativa de la Cuenca del Caribe: contradicciones de una confrontación | ||
| 260 | |a s.l.: |b s.e. | ||
| 300 | |a 5 p. | ||
| 999 | |c 6238 |d 6238 | ||
